|
|
|
|
| LEADER |
00000nam2a2200000 4500 |
| 001 |
241794 |
| 005 |
20231101231838.0 |
| 010 |
|
|
|a 9785985890402
|
| 035 |
|
|
|a (RuTPU)RU\TPU\book\263083
|
| 035 |
|
|
|a RU\TPU\book\7257
|
| 035 |
|
|
|a RU\TPU\book\263073
|
| 035 |
|
|
|a RU\TPU\book\263075
|
| 035 |
|
|
|a RU\TPU\book\263079
|
| 090 |
|
|
|a 241794
|
| 100 |
|
|
|a 20130820d2010 k y0rusy50 ca
|
| 101 |
0 |
|
|a rus
|
| 102 |
|
|
|a RU
|
| 105 |
|
|
|a a z 001zy
|
| 200 |
0 |
|
|a Т. 9: Пористо-проницаемые криоаппликаторы из никелида титана в медицине
|f Сибирский государственный медицинский университет (СибГМУ)
|
| 210 |
|
|
|d 2010
|
| 215 |
|
|
|a 304 с.
|
| 320 |
|
|
|a Библиогр.: с. 287-304.
|
| 330 |
|
|
|a Монография представляет 9-й том общего собрания исследований по направлению «Медицинские материалы и имплантаты с памятью формы» и посвящена новому, эффективно развивающемуся направлению - криохирургии. В книге представлены пути развития метода криовоздействия - от первых попыток лечебного применения холода в глубокой древности до современных методов, осуществление которых стало возможным при наличии в арсенале медиков сверхнизких (по температуре) охлаждающих жидкостей и веществ (жидкий азот и жидкий кислород, углекислота, хлорэтил и др.) В результате 30-летней деятельности коллектива авторов по данном)' направлению разработаны принципиально новый класс криоаппликаторов и новые методы лечения в разнообразных сферах медицины. Фундаментальную основу нового уровня криовоздействия на ткани организма составили энергоёмкие криоохладительные системы из пористо-проницаемого никелида титана, позволившие не только повысить эффективность лечения, но и упростить применение метода, сделав его доступным на практике. Для научных сотрудников, врачей, инженеров, техников и студентов естественных учебных учреждений.
|
| 461 |
|
1 |
|0 (RuTPU)RU\TPU\book\261032
|y 978-5-98589-036-5
|t Медицинские материалы и имплантаты с памятью формы
|o в 14 т.
|f Томский государственный университет (ТГУ), Сибирский физико-технический институт им. В. Д. Кузнецова (СФТИ), НИИ Медицинских материалов и имплантатов с памятью формы (НИИММ) ; под ред. В. Э. Гюнтера
|v Т. 9: Пористо-проницаемые криоаппликаторы из никелида титана в медицине
|d 2009-2013
|
| 606 |
1 |
|
|a Имплантаты
|2 stltpush
|3 (RuTPU)RU\TPU\subj\71629
|9 85445
|
| 610 |
1 |
|
|a организм человека
|
| 610 |
1 |
|
|a криохирургия
|
| 610 |
1 |
|
|a покровные ткани
|
| 610 |
1 |
|
|a пористо-проницаемые криоаппликаторы
|
| 610 |
1 |
|
|a никелид титана
|
| 610 |
1 |
|
|a криотерапия
|
| 610 |
1 |
|
|a холод
|
| 610 |
1 |
|
|a сверхнизкие температуры
|
| 610 |
1 |
|
|a лечение
|
| 610 |
1 |
|
|a внутренние органы
|
| 610 |
1 |
|
|a криотехнология
|
| 675 |
|
|
|a 615.4
|v 3
|
| 712 |
0 |
2 |
|a Сибирский государственный медицинский университет (СибГМУ)
|c (Томск)
|c (1992- )
|2 stltpush
|3 (RuTPU)RU\TPU\col\1642
|
| 801 |
|
0 |
|a RU
|b 63413507
|c 20011209
|g PSBO
|
| 801 |
|
2 |
|a RU
|b 63413507
|c 20130904
|g PSBO
|
| 942 |
|
|
|c BK
|